Médiocre et rampant, ou Le moyen de parvenir : comédie en cinq actes et en vers : représentée pour la première fois sur le Théatre français, le 1er. thermidor an 5 /
Saved in:
| Main Author: | |
|---|---|
| Corporate Author: | |
| Format: | Book |
| Language: | French |
| Published: |
A Paris :
Chez Huet, libraire et editeur de pièces de théâtre ...,
an X 1802.
|
| Edition: | Seconde édition. |
| Subjects: | |
| Tags: |
Add Tag
No Tags, Be the first to tag this record!
|
| LEADER | 01265nam a2200325Ma 4500 | ||
|---|---|---|---|
| 001 | 003473206-3 | ||
| 005 | 20020606093309.7 | ||
| 008 | 911017s1802 fr 000 0 fre | ||
| 010 | |a 18006725 | ||
| 035 | 0 | |a ocm26637877 | |
| 040 | |a DLC |c PAU |d HLS | ||
| 050 | 0 | |a PQ2381 |b .A1 1799 vol.1 | |
| 100 | 1 | |a Picard, L.-B. |q (Louis-Benoît), |d 1769-1828. | |
| 245 | 1 | 0 | |a Médiocre et rampant, ou Le moyen de parvenir : |b comédie en cinq actes et en vers : représentée pour la première fois sur le Théatre français, le 1er. thermidor an 5 / |c par L.B. Picard. |
| 246 | 3 | |a Médiocre et rampant. | |
| 246 | 3 | |a Moyen de parvenir. | |
| 250 | |a Seconde édition. | ||
| 260 | |a A Paris : |b Chez Huet, libraire et editeur de pièces de théâtre ..., |c an X 1802. | ||
| 300 | |a [4], 96 p. ; |c 20 cm. (8vo) | ||
| 500 | |a First leaf: half-title. | ||
| 500 | |a Signatures: pi² A-F⁸. | ||
| 510 | 4 | |a Martin & Walter. Révolution française. Auteurs, |c 27548 | |
| 650 | 0 | |a French drama (Comedy) |y 19th century. | |
| 655 | 7 | |a Plays |z France |y 18th century. |2 rbgenr | |
| 655 | 7 | |a Comedies |z France |y 18th century. |2 rbgenr | |
| 700 | 1 | |a Huet, L.-C., |d active 1792-1807, |e bookseller. | |
| 710 | 2 | |a Comédie-Française. | |
| 752 | |a France |d Paris. | ||
| 988 | |a 20020608 | ||
| 906 | |0 DLC | ||


